[Event "SR 3. liga A2 2011/2012"]
[Site "?"]
[Date "2012.02.05"]
[Round "8.5"]
[White "Husek, Lubomir"]
[Black "Both, Lajos"]
[Result "1/2-1/2"]
[WhiteElo "1768"]
[BlackElo "1822"]
[PlyCount "111"]
[EventDate "2011.??.??"]

1. e4 c5 2. Nf3 Nc6 3. d4 cxd4 4. Nxd4 Nf6 5. Nc3 e5 6. Ndb5 d6 7. Bg5 a6 8.
Na3 b5 9. Nd5 Be7 10. Bxf6 Bxf6 11. c3 O-O 12. Nc2 Rb8 13. Bd3 Bg5 14. Nce3 Be6
15. O-O Ne7 16. b3 Nxd5 17. Nxd5 Bxd5 18. exd5 f5 19. a4 e4 20. Be2 Qf6 21.
axb5 axb5 22. Qc2 Rfc8 23. c4 bxc4 24. Bxc4 Bf4 25. Ra7 Be5 26. Rd1 Qd8 27. Qe2
Qb6 28. Ra6 Qb4 29. Qh5 Rf8 30. Qg5 Rf6 31. Ra7 Rff8 32. Qe7 Rbe8 33. Qd7 Qc3
34. Rf1 Qd2 35. Rb7 f4 36. Qg4 Qd4 37. Rd1 Qc5 38. Bb5 Rb8 39. Qe6+ Kh8 40.
Rxb8 Rxb8 41. Be8 Qc7 42. Bc6 Qd8 43. Qf5 Rb4 44. Ba4 g6 45. Qf7 g5 46. Rc1 Rb8
47. Rc7 Qg8 48. Qf5 Qg6 49. Rc8+ Rxc8 50. Qxc8+ Kg7 51. Be8 Qf6 52. Qd7+ Kh6
53. Qh3+ Kg7 54. Qd7+ Kh6 55. Qh3+ Kg7 56. Qd7+ 1/2-1/2

[Event "SR 3. liga A2 2011/2012"]
[Site "?"]
[Date "2012.02.05"]
[Round "8.5"]
[White "Lelkes, Bela"]
[Black "Hrubos, Milan"]
[Result "0-1"]
[WhiteElo "1809"]
[BlackElo "1790"]
[PlyCount "82"]
[EventDate "2011.??.??"]

1. e4 c5 2. f4 Nc6 3. Nc3 d6 4. Bc4 Nf6 5. Nf3 Bg4 6. O-O e5 7. f5 a6 8. h3
Bxf3 9. Qxf3 Nd4 10. Qd1 b5 11. Bd5 Ra7 12. d3 b4 13. Ne2 Nxd5 14. Nxd4 cxd4
15. exd5 Be7 16. Qg4 Bf6 17. Bd2 Rb7 18. Rac1 O-O 19. c4 bxc3 20. bxc3 Rb2 21.
Be1 Bg5 22. Ra1 Be3+ 23. Kh1 f6 24. c4 Qd7 25. Bh4 Qa4 26. Qd1 Qa3 27. Re1 Rd2
28. Qb3 Rxd3 29. Qb7 Bf4 30. Qe7 Rxh3+ 31. gxh3 Qxh3+ 32. Kg1 Qxh4 33. Re2 Be3+
34. Rxe3 dxe3 35. Qa7 Qf2+ 36. Kh1 Qxf5 37. Qxe3 Qh5+ 38. Kg2 f5 39. Rh1 Qg4+
40. Qg3 Qxc4 41. Qb3 Qe4+ 0-1

[Event "SR 3. liga A2 2011/2012"]
[Site "?"]
[Date "2012.02.05"]
[Round "8.5"]
[White "Holly, Milan"]
[Black "Mezei, Tibor"]
[Result "1-0"]
[WhiteElo "1865"]
[BlackElo "1628"]
[PlyCount "71"]
[EventDate "2011.??.??"]

1. Nf3 d6 2. b3 Nf6 3. Bb2 e5 4. e3 Bg4 5. Be2 Nc6 6. O-O Be7 7. c4 a6 8. d4 e4
9. Nfd2 Bf5 10. a3 d5 11. Nc3 Na7 12. cxd5 Nc8 13. Qc2 Nb6 14. Ndxe4 Nxe4 15.
Nxe4 Nxd5 16. Nd6+ Bxd6 17. Qxf5 O-O 18. Bf3 Ne7 19. Qd3 c6 20. Rfd1 Qc7 21. g3
Rad8 22. b4 Nc8 23. Rac1 Nb6 24. Qb3 Be7 25. d5 Bf6 26. Bxf6 gxf6 27. dxc6
Rxd1+ 28. Qxd1 Rc8 29. Kg2 Qb8 30. cxb7 Rd8 31. Qb3 Nd7 32. Rd1 Ne5 33. Rxd8+
Qxd8 34. Qd5 Qc7 35. Qc5 Qxc5 36. bxc5 1-0

[Event "SR 3. liga A2 2011/2012"]
[Site "?"]
[Date "2012.02.05"]
[Round "8.5"]
[White "Pinter, Marek"]
[Black "Benak, Peter"]
[Result "1/2-1/2"]
[WhiteElo "1518"]
[BlackElo "1605"]
[PlyCount "37"]
[EventDate "2011.??.??"]

1. e4 Nf6 2. d3 d6 3. Nf3 Nc6 4. Nc3 e5 5. Bg5 Be7 6. Be2 O-O 7. Bxf6 Bxf6 8.
O-O a6 9. a3 b5 10. Nd5 Be6 11. Nxf6+ Qxf6 12. Qd2 Nd4 13. Nxd4 exd4 14. Bf3
Ra7 15. c3 dxc3 16. Qxc3 Qxc3 17. bxc3 c5 18. Rfb1 Rb8 19. Rb2 1/2-1/2

[Event "SR 3. liga A2 2011/2012"]
[Site "?"]
[Date "2012.02.05"]
[Round "8.6"]
[White "Pribila, Gerhard"]
[Black "Takacs, Laszlo"]
[Result "1/2-1/2"]
[WhiteElo "2036"]
[BlackElo "1976"]
[PlyCount "123"]
[EventDate "2011.??.??"]

1. e4 c5 2. c3 Nf6 3. e5 Nd5 4. Bc4 Nb6 5. Bb3 Nc6 6. Nf3 c4 7. Bc2 g6 8. Qe2
Bg7 9. O-O O-O 10. Na3 d5 11. exd6 Qxd6 12. Nxc4 Nxc4 13. Qxc4 e5 14. h3 Be6
15. Qe2 Rad8 16. Ng5 Bc8 17. d3 Qc7 18. Be3 h6 19. Nf3 f5 20. Rad1 b6 21. d4 e4
22. Qc4+ Rf7 23. Ne5 Nxe5 24. Qxc7 Rxc7 25. dxe5 Re8 26. Ba4 Ree7 27. Rd8+ Kh7
28. e6 Bxe6 29. Bf4 Rc8 30. Rxc8 Bxc8 31. Rd1 Bf6 32. Bd6 Rg7 33. Bb3 Rd7 34.
Ba4 Rd8 35. Bb8 Rxd1+ 36. Bxd1 a6 37. Bb3 Bb7 38. Bc7 b5 39. Kf1 g5 40. Be6 Kg6
41. g4 f4 42. Bd6 Bg7 43. Bc5 Be5 44. Bf8 h5 $11 45. Bb3 hxg4 46. hxg4 Kf6 47.
Bc5 Bc8 48. Bc2 Bb7 49. Bb6 Bd5 50. Bd8+ Kg6 51. f3 Bf6 52. Bb6 Kf7 53. Bxe4
Bxa2 54. Ba5 Bc4+ 55. Kg2 Be7 56. Bb7 b4 57. Bxb4 Bxb4 58. cxb4 Ke6 59. b3 Bb5
60. Kf2 Ke5 61. Ke1 Kd4 62. Kd2 1/2-1/2

[Event "SR 3. liga A2 2011/2012"]
[Site "?"]
[Date "2012.02.05"]
[Round "8.6"]
[White "Csefalvay, Stefan"]
[Black "Ambros, Rafael"]
[Result "1/2-1/2"]
[WhiteElo "1916"]
[BlackElo "2018"]
[PlyCount "34"]
[EventDate "2011.??.??"]

1. d4 d5 2. Nf3 Nf6 3. e3 g6 4. g3 Bg7 5. Bg2 O-O 6. O-O c6 7. b3 Re8 8. Bb2
Ne4 9. Nbd2 Bg4 10. h3 Nxd2 11. Qxd2 Bxf3 12. Bxf3 e5 13. dxe5 Nd7 14. Bg2 Nxe5
15. Bxe5 Bxe5 16. Rac1 a5 17. a4 Bg7 1/2-1/2

[Event "SR 3. liga A2 2011/2012"]
[Site "?"]
[Date "2012.02.05"]
[Round "8.6"]
[White "Kocak, Branislav"]
[Black "Feher, Tibor"]
[Result "1/2-1/2"]
[WhiteElo "1914"]
[BlackElo "1802"]
[PlyCount "34"]
[EventDate "2011.??.??"]

1. d4 d5 2. c4 c6 3. Nf3 Nf6 4. Nc3 e6 5. Bg5 Nbd7 6. e3 Qa5 7. Bxf6 Nxf6 8.
Bd3 dxc4 9. Bxc4 Ne4 10. Qc2 Nxc3 11. bxc3 Be7 12. O-O O-O 13. e4 c5 14. Rab1
a6 15. Be2 b5 16. c4 cxd4 17. cxb5 axb5 1/2-1/2

[Event "SR 3. liga A2 2011/2012"]
[Site "?"]
[Date "2012.02.05"]
[Round "8.6"]
[White "Szabo, Julius"]
[Black "Kastler, Peter"]
[Result "0-1"]
[WhiteElo "1721"]
[BlackElo "1720"]
[PlyCount "78"]
[EventDate "2011.??.??"]

1. e4 e6 2. d4 d5 3. Nd2 dxe4 4. Nxe4 Nd7 5. Nf3 Ngf6 6. Bd3 Be7 7. O-O O-O 8.
c3 b6 9. Qc2 Bb7 10. Neg5 g6 11. b4 Rc8 12. c4 Bxb4 13. a4 Be7 14. h4 c5 15.
dxc5 Bxc5 16. Bb2 Bd6 17. Qc3 Qe7 18. Rae1 Bb4 19. Qd4 Bxe1 20. Rxe1 Qc5 21.
Qc3 Rfe8 22. Ne4 Bxe4 23. Bxe4 Qxc4 24. Qe3 Qxe4 25. Qxe4 Nxe4 26. Rxe4 Nc5 27.
Rf4 Nd3 28. Be5 Nxf4 29. Bxf4 Rc4 30. Be5 Rxa4 31. Bf6 b5 32. g3 b4 33. Nd4 Rb8
34. Nc6 Rb7 35. Nd8 Rb6 36. Bd4 Rd6 37. Bf6 Rxd8 38. Bxd8 Kg7 39. Be7 f6 0-1

[Event "SR 3. liga A2 2011/2012"]
[Site "?"]
[Date "2012.02.05"]
[Round "8.6"]
[White "Valla, Tomas"]
[Black "Kahancova, Jana"]
[Result "1-0"]
[WhiteElo "1846"]
[BlackElo "1670"]
[PlyCount "59"]
[EventDate "2011.??.??"]

1. e4 e5 2. Nc3 Nf6 3. f4 exf4 4. e5 Ng8 5. Nf3 Nc6 6. d4 d5 7. Bxf4 Bg4 8. Bb5
Nge7 9. h3 Bh5 10. O-O a6 11. Ba4 h6 12. Ne2 g5 13. g4 Bg6 14. Be3 Qd7 15. Ng3
O-O-O 16. c3 Kb8 17. b4 Nc8 18. b5 axb5 19. Bxb5 Nb6 20. a4 Qe6 21. Nd2 Be7 22.
a5 Nc4 23. Nxc4 dxc4 24. Qa4 Bd3 25. a6 Kc8 26. axb7+ Kd7 27. Rf2 Rb8 28. Qa6
Rhf8 29. Nf5 Bxf5 30. Bxc4 1-0

[Event "SR 3. liga A2 2011/2012"]
[Site "?"]
[Date "2012.02.05"]
[Round "8.6"]
[White "Pszota, Mate"]
[Black "Brunovsky, Peter"]
[Result "0-1"]
[WhiteElo "1422"]
[BlackElo "1809"]
[PlyCount "74"]
[EventDate "2011.??.??"]

1. d4 Nf6 2. Nc3 d5 3. Nf3 Bf5 4. Bf4 c6 5. e3 e6 6. a3 Bd6 7. Be5 Qc7 8. Bd3
Bg4 9. Bxd6 Qxd6 10. h3 Bh5 11. g4 Bg6 12. Bxg6 hxg6 13. Qd3 Nbd7 14. Ng5 Qe7
15. Qe2 e5 16. O-O-O e4 17. Rde1 O-O-O 18. f3 Ne8 19. fxe4 Qxg5 20. exd5 cxd5
21. Qb5 Nc7 22. Qb3 Nb6 23. Re2 Rde8 24. Nd1 Nc4 25. Kb1 f5 26. gxf5 gxf5 27.
Qc3 Kb8 28. e4 Rxe4 29. Rf2 Nb5 30. Qd3 g6 31. Rhh2 Rxd4 32. Qe2 Ncxa3+ 33. Ka2
Nc4 34. b3 Rxd1 35. Qf3 Ra1+ 36. Kxa1 Qc1+ 37. Ka2 Qb2# 0-1

[Event "SR 3. liga A2 2011/2012"]
[Site "?"]
[Date "2012.02.19"]
[Round "9.1"]
[White "Danada, Tomas"]
[Black "Strakac, Petr"]
[Result "0-1"]
[WhiteElo "2062"]
[BlackElo "2100"]
[PlyCount "94"]
[EventDate "2011.??.??"]

1. d4 f5 2. Bg5 Nf6 3. Bxf6 exf6 4. e3 d5 5. Bd3 Bd6 6. Qf3 g6 7. Ne2 c6 8. Nf4
Qc7 9. Nc3 Bxf4 10. exf4 O-O 11. O-O-O b5 12. Nxd5 Qf7 13. Nc3 Bb7 14. Qe2 Re8
15. Qf1 Nd7 16. Kb1 Nb6 17. f3 b4 18. Ne2 a5 19. Nc1 a4 20. b3 axb3 21. cxb3
Bc8 22. Rd2 Be6 23. Rc2 Qd7 24. Qf2 Nd5 25. h4 Nxf4 26. h5 Nxh5 27. Rxh5 gxh5
28. Qh4 Rac8 29. Qxf6 Qg7 30. Qh4 Red8 31. Rxc6 Rxd4 32. Rxc8+ Bxc8 33. Qxh5
Qg6 34. Bc4+ Kg7 35. Qxg6+ hxg6 36. Nd3 Kf6 37. Nxb4 Rd2 38. Nd5+ Kg5 39. a4
Bb7 40. Ne7 Kf6 41. Ng8+ Kg7 42. Ne7 Kf6 43. Ng8+ Ke5 44. a5 Rxg2 45. b4 Bxf3
46. b5 Kd4 47. Be6 Be4+ 0-1

[Event "SR 3. liga A2 2011/2012"]
[Site "?"]
[Date "2012.02.19"]
[Round "9.1"]
[White "Hudacek, Josef"]
[Black "Spacek, Oliver"]
[Result "1-0"]
[WhiteElo "2046"]
[BlackElo "1907"]
[PlyCount "55"]
[EventDate "2011.??.??"]

1. e4 c5 2. Ne2 e6 3. g3 b5 4. Bg2 Bb7 5. O-O Nf6 6. d3 d6 7. Nd2 Nbd7 8. c3
Be7 9. h3 Rc8 10. f4 Qc7 11. g4 O-O 12. Ng3 g6 13. Qe2 c4 14. d4 e5 15. Nf3
exf4 16. Bxf4 Ne8 17. Rf2 Ng7 18. Raf1 Rce8 19. Qd2 f6 20. h4 a5 21. a3 Ba8 22.
g5 Ne6 23. gxf6 Nxf4 24. fxe7 Rxe7 25. Ng5 Nxg2 26. Rxf8+ Nxf8 27. Qxg2 Ne6 28.
Qf3 1-0

[Event "SR 3. liga A2 2011/2012"]
[Site "?"]
[Date "2012.02.19"]
[Round "9.1"]
[White "Diviak, Rastislav"]
[Black "Brisudova, Veronika"]
[Result "1-0"]
[WhiteElo "2020"]
[BlackElo "1864"]
[PlyCount "53"]
[EventDate "2011.??.??"]

1. e4 c5 2. Nf3 d6 3. d4 cxd4 4. Nxd4 Nf6 5. Nc3 a6 6. Be2 e5 7. Nb3 Be7 8. O-O
O-O 9. f4 exf4 10. Bxf4 Nc6 11. Qe1 Be6 12. Rd1 Qb6+ 13. Kh1 Rad8 14. Qg3 Ne5
15. Bxe5 dxe5 16. Qxe5 Rfe8 17. Qg3 Rxd1 18. Rxd1 Bxb3 19. axb3 Bb4 20. Bd3 Bd6
21. Qh3 g6 22. Rf1 Kg7 23. Rxf6 Re5 24. Qf3 Rh5 25. Rxf7+ Kh6 26. h3 Qd4 27.
Qf6 1-0

[Event "SR 3. liga A2 2011/2012"]
[Site "?"]
[Date "2012.02.19"]
[Round "9.1"]
[White "Vepy, Ivan"]
[Black "Pericka, Tomas"]
[Result "0-1"]
[WhiteElo "1948"]
[BlackElo "2008"]
[PlyCount "46"]
[EventDate "2011.??.??"]

1. e4 c5 2. Nf3 Nc6 3. d4 cxd4 4. Nxd4 g6 5. Be2 Bg7 6. Be3 Nf6 7. Nc3 O-O 8.
Qd2 d5 9. Nxc6 bxc6 10. exd5 Nxd5 11. Nxd5 cxd5 12. c3 Qa5 13. O-O Rd8 14. Rfd1
e5 15. Bh6 Bh8 16. h4 Rb8 17. b4 Qb6 18. Rac1 Bb7 19. a3 d4 20. cxd4 Rxd4 21.
Qc2 Rxh4 22. Be3 Qe6 23. Qc7 Rh1+ 0-1

[Event "SR 3. liga A2 2011/2012"]
[Site "?"]
[Date "2012.02.19"]
[Round "9.1"]
[White "Spacek, Marcel"]
[Black "Kubis, Ivan"]
[Result "1-0"]
[WhiteElo "1818"]
[BlackElo "2002"]
[PlyCount "99"]
[EventDate "2011.??.??"]

1. d4 Nf6 2. c4 e6 3. g3 d5 4. Nf3 Be7 5. Bg2 O-O 6. O-O dxc4 7. Ne5 Nc6 8.
Nxc6 bxc6 9. Qa4 Qxd4 10. Rd1 Qb6 11. Qxc4 Bc5 12. e3 Ba6 13. Qc2 Nd5 14. a3
Be7 15. e4 Nf6 16. Be3 c5 17. b4 Rab8 18. Nc3 Qb7 19. e5 Nd5 20. Bxd5 exd5 21.
Nxd5 Rfe8 22. Bxc5 Bd8 23. Qf5 Bc4 24. Nf4 Qf3 25. Rd4 Bb5 26. Qe4 Qxe4 27.
Rxe4 a6 28. Rae1 Bg5 29. Nd5 Bd8 30. e6 fxe6 31. Rxe6 Rxe6 32. Rxe6 Bc4 33.
Re8+ Kf7 34. Rf8+ Ke6 35. Nf4+ Kd7 36. Nh5 g6 37. Nf6+ Bxf6 38. Rxb8 Bg7 39. a4
Bd3 40. b5 axb5 41. a5 b4 42. Rxb4 Kc6 43. Be3 Bb5 44. Rb1 Bd3 45. Rc1+ Kb7 46.
Bf4 c6 47. Be3 Be5 48. f4 Bc7 49. Ra1 Bd6 50. Rd1 1-0

[Event "SR 3. liga A2 2011/2012"]
[Site "?"]
[Date "2012.02.19"]
[Round "9.1"]
[White "Hrubsa, Marian"]
[Black "Hanzluvka, Peter"]
[Result "0-1"]
[WhiteElo "1929"]
[BlackElo "1987"]
[PlyCount "58"]
[EventDate "2011.??.??"]

1. e4 c5 2. Nf3 d6 3. d4 cxd4 4. Nxd4 Nf6 5. Nc3 a6 6. Be2 e6 7. Be3 Be7 8. O-O
O-O 9. f4 Qc7 10. Qe1 Nc6 11. Qg3 Bd7 12. Rf2 Rac8 13. Raf1 Qd8 14. Bd3 Nb4 15.
e5 Nfd5 16. Nxd5 Nxd5 17. f5 Bh4 18. Qh3 Bxf2+ 19. Rxf2 exf5 20. Nxf5 g6 21.
Nh6+ Kg7 22. Qg3 Nxe3 23. Qxe3 Qh4 24. Nxf7 Rxf7 25. Rxf7+ Kxf7 26. Qf3+ Kg7
27. Qxb7 Qe1+ 28. Bf1 Rf8 29. Qxa6 Qf2+ 0-1

[Event "SR 3. liga A2 2011/2012"]
[Site "?"]
[Date "2012.02.19"]
[Round "9.1"]
[White "Nemeckay, Rastislav"]
[Black "Vogl, Zdenek"]
[Result "0-1"]
[WhiteElo "1808"]
[BlackElo "1928"]
[PlyCount "104"]
[EventDate "2011.??.??"]

1. e4 e5 2. Nf3 Nc6 3. Bb5 a6 4. Ba4 b5 5. Bb3 Nf6 6. O-O Be7 7. Re1 O-O 8. c3
d6 9. h3 Na5 10. Bc2 c5 11. d4 Nc6 12. d5 Na5 13. Nbd2 c4 14. Nf1 Re8 15. Ng3
g6 16. Bh6 Bf8 17. Qd2 Qe7 18. Qg5 Bxh6 19. Qxh6 Qf8 20. Qe3 Nd7 21. Nh2 Nc5
22. Ng4 Bxg4 23. hxg4 Qg7 24. f3 f6 25. Kf2 Nab7 26. Rh1 Nd8 27. g5 Ra7 28. Rh3
Nf7 29. gxf6 Qxf6 30. Rah1 Ng5 31. Rh4 Rg7 32. Rh6 Qe7 33. Ke2 Rf8 34. R6h4 a5
35. a3 Rb8 36. Rh6 Rf8 37. R6h4 Rgf7 38. Rg4 Rf4 39. Rhh4 Qf6 40. Nf1 h5 41.
Rxf4 exf4 42. Qf2 b4 43. Qd4 b3 44. Qxf6 Rxf6 45. Bb1 Na4 46. Kd2 Nxb2 47. Kc1
Na4 48. Nd2 Nb6 49. Rh1 Nf7 50. Rd1 Ne5 51. Nf1 g5 52. Kd2 g4 0-1

[Event "SR 3. liga A2 2011/2012"]
[Site "?"]
[Date "2012.02.19"]
[Round "9.1"]
[White "Berger, Patrik"]
[Black "Ocko, Martin"]
[Result "1-0"]
[WhiteElo "1731"]
[BlackElo "1524"]
[PlyCount "51"]
[EventDate "2011.??.??"]

1. e4 c5 2. Nf3 d6 3. d4 cxd4 4. Nxd4 Nf6 5. Nc3 a6 6. Be2 e6 7. O-O Be7 8. a4
O-O 9. Kh1 Qc7 10. f4 Nc6 11. Be3 Bd7 12. Qe1 Rab8 13. Qg3 Nxd4 14. Bxd4 b5 15.
e5 Ne8 16. Ne4 d5 17. Nf6+ Kh8 18. Bd3 g6 19. Qh4 Bxf6 20. exf6 Rc8 21. Qh6 Rg8
22. Rf3 e5 23. Bxe5 Qc6 24. f5 Bxf5 25. Bxf5 gxf5 26. Rh3 1-0

[Event "SR 3. liga A2 2011/2012"]
[Site "?"]
[Date "2012.02.19"]
[Round "9.2"]
[White "Bukovsky, Milan"]
[Black "Sebesta, Radovan"]
[Result "1/2-1/2"]
[WhiteElo "1984"]
[BlackElo "2069"]
[PlyCount "83"]
[EventDate "2011.??.??"]

1. c4 Nf6 2. Nc3 e6 3. d4 Bb4 4. e3 d5 5. Bd3 O-O 6. Nge2 dxc4 7. Bxc4 c5 8. a3
cxd4 9. exd4 Be7 10. O-O b6 11. Bf4 Bb7 12. Qd3 Nbd7 13. Ng3 a6 14. Rac1 b5 15.
Ba2 Rc8 16. Bb1 g6 17. Rfe1 Nb6 18. Re2 Nbd5 19. Bd2 Nxc3 20. Rxc3 Qd5 21. f3
Rxc3 22. Bxc3 Rd8 23. Qe3 Qb3 24. Bc2 Qc4 25. Bd3 Qc7 26. Qh6 Bf8 27. Qg5 Bg7
28. Rc2 Qd7 29. Ne2 Rc8 30. Qc1 Nd5 31. Bd2 Rxc2 32. Qxc2 Qe7 33. Qc1 Qh4 34.
Qc5 Qe7 35. Qxe7 Nxe7 36. Be4 Nc6 37. Bc3 f5 38. Bc2 Kf7 39. Bb3 Ne7 40. Nf4
Nd5 41. Nxd5 Bxd5 42. Bxd5 1/2-1/2

[Event "SR 3. liga A2 2011/2012"]
[Site "?"]
[Date "2012.02.19"]
[Round "9.2"]
[White "Gasa, Patrik"]
[Black "Sturdik, Igor"]
[Result "1-0"]
[WhiteElo "1727"]
[BlackElo "2067"]
[PlyCount "43"]
[EventDate "2011.??.??"]

1. d4 Nf6 2. c4 c5 3. d5 e6 4. Nc3 exd5 5. cxd5 d6 6. e4 g6 7. f4 Bg7 8. Bb5+
Nfd7 9. a4 Qh4+ 10. g3 Qe7 11. Nf3 O-O 12. O-O Na6 13. Re1 Nb4 14. e5 dxe5 15.
Bxd7 Bxd7 16. fxe5 Bf5 17. Ne4 b6 18. Bg5 Qb7 19. Nf6+ Bxf6 20. Bxf6 Nxd5 21.
Qd2 Qc6 22. Qh6 1-0

[Event "SR 3. liga A2 2011/2012"]
[Site "?"]
[Date "2012.02.19"]
[Round "9.2"]
[White "Bahna, Jan"]
[Black "Skapikova, Lubica"]
[Result "0-1"]
[WhiteElo "1977"]
[BlackElo "1867"]
[PlyCount "118"]
[EventDate "2011.??.??"]

1. e4 e5 2. Nf3 Nc6 3. Bb5 a6 4. Ba4 Nf6 5. O-O Be7 6. Re1 b5 7. Bb3 d6 8. d4
Bg4 9. dxe5 Nxe5 10. Nbd2 O-O 11. h3 Bh5 12. g4 Bg6 13. c3 Nd3 14. Re3 Nf4 15.
Nd4 c5 16. Nf5 c4 17. Bc2 Nd7 18. Kh2 Ne5 19. Nf3 Ned3 20. N3d4 Bxf5 21. exf5
Bh4 22. Rf3 Nxc1 23. Rxf4 d5 24. Rf3 Qd6+ 25. Kg2 Nd3 26. Bxd3 cxd3 27. Rxd3
Rad8 28. Qd2 h6 29. Nf3 Bf6 30. Rd1 d4 31. Nxd4 Bg5 32. Qe2 Qd5+ 33. Nf3 Qc4
34. b3 Qc7 35. h4 Rxd3 36. Rxd3 Bf6 37. Qe3 Qc6 38. g5 Re8 39. Qd2 hxg5 40.
hxg5 Be7 41. Qf4 Bc5 42. c4 Re4 43. cxb5 axb5 44. Rd8+ Bf8 45. Qg3 Re2 46. a3
Qc5 47. Nd4 Re4 48. b4 Qb6 49. Qd3 Rg4+ 50. Kf3 Rxg5 51. Re8 g6 52. fxg6 Qf6+
53. Ke3 Rxg6 54. Qxb5 Rg2 55. Qf5 Qh6+ 56. Ke2 Rg5 57. Qe4 Qh5+ 58. Nf3 Rg6 59.
Qe7 Re6+ 0-1

[Event "SR 3. liga A2 2011/2012"]
[Site "?"]
[Date "2012.02.19"]
[Round "9.2"]
[White "Zisek, Jaroslav"]
[Black "Halas, Miroslav"]
[Result "0-1"]
[WhiteElo "1860"]
[BlackElo "1946"]
[PlyCount "56"]
[EventDate "2011.??.??"]

1. c4 Nf6 2. Nc3 e6 3. e4 d5 4. cxd5 exd5 5. e5 d4 6. exf6 dxc3 7. fxg7 cxd2+
8. Bxd2 Bxg7 9. Qa4+ Nc6 10. Qe4+ Be6 11. Bc3 Bxc3+ 12. bxc3 Qf6 13. Qe3 O-O-O
14. Nf3 Bc4 15. Bxc4 Rhe8 16. O-O Rxe3 17. fxe3 Qxc3 18. Bxf7 Qxe3+ 19. Kh1 Nb4
20. Rae1 Qa3 21. Be6+ Kb8 22. Bf5 h6 23. Ne5 a6 24. Nf7 Rd2 25. Nxh6 Qxa2 26.
Be4 Re2 27. Bf3 Rxe1 28. Rxe1 Qd2 0-1

[Event "SR 3. liga A2 2011/2012"]
[Site "?"]
[Date "2012.02.19"]
[Round "9.2"]
[White "Krist, Milan"]
[Black "Fidericky, Milan"]
[Result "1/2-1/2"]
[WhiteElo "1990"]
[BlackElo "1843"]
[PlyCount "70"]
[EventDate "2011.??.??"]

1. c4 c5 2. Nc3 Nc6 3. Nf3 g6 4. g3 Bg7 5. Bg2 Nf6 6. O-O O-O 7. e3 d6 8. Re1
Bg4 9. h3 Bxf3 10. Bxf3 Qd7 11. Bg2 Rab8 12. d4 cxd4 13. exd4 e6 14. Be3 Ne7
15. Qd3 d5 16. cxd5 Nexd5 17. Nxd5 Nxd5 18. Qb3 Nxe3 19. fxe3 Rfc8 20. Rad1 Rc7
21. Rc1 Rbc8 22. Rc3 b6 23. Rec1 Qd6 24. Kh2 g5 25. Rxc7 Rxc7 26. Rxc7 Qxc7 27.
Qc3 Qb8 28. Qc6 h5 29. Qa8 Qxa8 30. Bxa8 Kf8 31. Kg2 Ke7 32. Kf3 f5 33. g4
hxg4+ 34. hxg4 Kd6 35. b3 Bf6 1/2-1/2

[Event "SR 3. liga A2 2011/2012"]
[Site "?"]
[Date "2012.02.19"]
[Round "9.2"]
[White "Havlicek, Peter"]
[Black "Mosny, Jaroslav"]
[Result "1-0"]
[WhiteElo "1808"]
[BlackElo "1941"]
[PlyCount "65"]
[EventDate "2011.??.??"]

1. e4 e5 2. Nf3 d6 3. d4 exd4 4. Nxd4 Nf6 5. Nc3 Be7 6. Bd3 O-O 7. O-O Nbd7 8.
f4 Re8 9. Qf3 Bf8 10. Nf5 Nc5 11. Ng3 Bg4 12. Qf2 Nxd3 13. cxd3 c6 14. h3 Bc8
15. Be3 c5 16. d4 b6 17. e5 Nd7 18. Rad1 Qh4 19. Qf3 Ba6 20. Rf2 cxd4 21. Nf5
Qd8 22. Bxd4 dxe5 23. fxe5 Bc4 24. Qg3 Kh8 25. e6 Nf6 26. e7 Rxe7 27. Bxf6
Qxd1+ 28. Nxd1 Re1+ 29. Kh2 gxf6 30. Nde3 Be6 31. Rd2 Rc1 32. Rd4 Rc5 33. Rg4
1-0

[Event "SR 3. liga A2 2011/2012"]
[Site "?"]
[Date "2012.02.19"]
[Round "9.2"]
[White "Hagara, Vladimir"]
[Black "Kubik, Peter"]
[Result "1-0"]
[WhiteElo "1927"]
[BlackElo "1735"]
[PlyCount "85"]
[EventDate "2011.??.??"]

1. c4 Nf6 2. Nc3 d6 3. g3 g6 4. Bg2 Bg7 5. e3 O-O 6. Nge2 e5 7. O-O Nc6 8. b3
Re8 9. Bb2 Rb8 10. Re1 Ne7 11. e4 Bg4 12. h3 Be6 13. d4 exd4 14. Nxd4 Bd7 15.
Qd2 Bc6 16. Nd5 Bxd5 17. cxd5 Nd7 18. Rac1 a6 19. b4 Bxd4 20. Qxd4 f6 21. f4
Rf8 22. Bf3 Rc8 23. Bg4 h5 24. Be6+ Kg7 25. Kg2 Ng8 26. g4 Re8 27. Kh2 hxg4 28.
hxg4 Qe7 29. Kg3 c6 30. Rh1 c5 31. Qd2 Nf8 32. f5 Nxe6 33. dxe6 cxb4 34. Qxb4
Rc5 35. Qd2 Rec8 36. Ba3 Rxc1 37. Rxc1 Rxc1 38. Qxc1 gxf5 39. exf5 Qd8 40. Bb2
d5 41. Qg5+ Kf8 42. Ba3+ Ne7 43. Qxf6+ 1-0

[Event "SR 3. liga A2 2011/2012"]
[Site "?"]
[Date "2012.02.19"]
[Round "9.3"]
[White "Berczes, Csaba"]
[Black "Hertel, Ondrej"]
[Result "1-0"]
[WhiteElo "2397"]
[BlackElo "2073"]
[PlyCount "61"]
[EventDate "2011.??.??"]

1. Nf3 d5 2. g3 Nf6 3. Bg2 Bf5 4. c4 Bxb1 5. Rxb1 e6 6. Qb3 Qc8 7. cxd5 exd5 8.
d3 Bd6 9. Bg5 c6 10. Bxf6 gxf6 11. O-O Na6 12. Rbc1 Rb8 13. e4 dxe4 14. dxe4
Qe6 15. Rc4 c5 16. a4 O-O 17. Nh4 Rfd8 18. Nf5 Bf8 19. Rfc1 Nb4 20. Bf1 Rd2 21.
Qf3 Rbd8 22. Qg4+ Kh8 23. Rxc5 Nd3 24. Bxd3 R2xd3 25. Rc7 Qb3 26. Qh5 Kg8 27.
Kg2 Rd2 28. R1c4 Kh8 29. Qxf7 Rxf2+ 30. Kh3 Rxh2+ 31. Kxh2 1-0

[Event "SR 3. liga A2 2011/2012"]
[Site "?"]
[Date "2012.02.19"]
[Round "9.3"]
[White "Majtan, Martin"]
[Black "Janko, Michal"]
[Result "0-1"]
[WhiteElo "1857"]
[BlackElo "2271"]
[PlyCount "80"]
[EventDate "2011.??.??"]

1. e4 e6 2. d4 d5 3. e5 c5 4. c3 Nc6 5. Nf3 Bd7 6. Na3 cxd4 7. cxd4 Bxa3 8.
bxa3 Qa5+ 9. Qd2 Nge7 10. Rb1 b6 11. Bd3 f6 12. O-O Qxd2 13. Bxd2 fxe5 14. Nxe5
Nxe5 15. dxe5 O-O-O 16. Ba6+ Kb8 17. Bb4 Nc6 18. Bd6+ Ka8 19. Rfc1 Nb8 20. Bd3
Rc8 21. h3 g6 22. g3 Rxc1+ 23. Rxc1 Rc8 24. Rxc8 Bxc8 25. f4 Nd7 26. Bb5 Nc5
27. Bc6+ Bb7 28. Bxc5 bxc5 29. Bd7 c4 30. Kf1 c3 31. Ke1 d4 32. Bxe6 d3 33. Bb3
Bf3 34. e6 d2+ 35. Kf2 d1=Q 36. Bxd1 Bxd1 37. Ke1 Ba4 38. g4 Kb7 39. f5 gxf5
40. gxf5 Kc7 0-1

[Event "SR 3. liga A2 2011/2012"]
[Site "?"]
[Date "2012.02.19"]
[Round "9.3"]
[White "Janko, Ladislav"]
[Black "Gajarsky, Roman"]
[Result "1-0"]
[WhiteElo "2229"]
[BlackElo "1915"]
[PlyCount "63"]
[EventDate "2011.??.??"]

1. e4 e5 2. Nf3 Nc6 3. Bb5 Nd4 4. Bc4 d6 5. c3 Nxf3+ 6. Qxf3 Qf6 7. Qe2 Be6 8.
O-O Bxc4 9. Qxc4 Qe7 10. d4 c6 11. f4 f6 12. Na3 O-O-O 13. dxe5 dxe5 14. Be3 a6
15. Bb6 Rd7 16. Rad1 Nh6 17. f5 g5 18. Qe6 Qxe6 19. fxe6 Rxd1 20. Rxd1 Bxa3 21.
bxa3 Re8 22. Rd7 Ng8 23. Kf2 h5 24. Ke3 Ne7 25. g3 c5 26. Kd3 Nc6 27. Rc7+ Kb8
28. Rf7 Nd8 29. Bxd8 Rxd8+ 30. Kc4 Re8 31. Kd5 Kc8 32. Kd6 1-0

[Event "SR 3. liga A2 2011/2012"]
[Site "?"]
[Date "2012.02.19"]
[Round "9.3"]
[White "Jancicka, Viliam"]
[Black "Dvorsky, Jozef"]
[Result "1/2-1/2"]
[WhiteElo "1890"]
[BlackElo "2031"]
[PlyCount "46"]
[EventDate "2011.??.??"]

1. Nf3 f5 2. d4 Nf6 3. Nc3 g6 4. Bf4 Bg7 5. e3 O-O 6. Be2 d6 7. O-O c6 8. Re1
h6 9. h3 Nbd7 10. Rb1 Qe8 11. a3 Ne4 12. Bh2 d5 13. Ne5 Ng5 14. f4 Ne4 15. Rf1
e6 16. Qe1 Kh7 17. Nxe4 fxe4 18. b4 Bxe5 19. fxe5 b6 20. c4 a5 21. bxa5 Rxa5
22. Qb4 Rxf1+ 23. Rxf1 c5 1/2-1/2

[Event "SR 3. liga A2 2011/2012"]
[Site "?"]
[Date "2012.02.19"]
[Round "9.3"]
[White "Kosar, Mikulas ml"]
[Black "Niznansky, Lukas"]
[Result "1-0"]
[WhiteElo "1900"]
[BlackElo "1740"]
[PlyCount "57"]
[EventDate "2011.??.??"]

1. e4 e5 2. Nf3 Nc6 3. d4 exd4 4. Bc4 Be7 5. Nxd4 Nxd4 6. Qxd4 f6 7. Qd5 Bb4+
8. c3 Bxc3+ 9. Nxc3 Qe7 10. O-O d6 11. Bf4 Nh6 12. Bxh6 gxh6 13. Qh5+ Kd8 14.
Rfe1 Bd7 15. Nd5 Qg7 16. Qf3 Rf8 17. Qc3 h5 18. Rac1 Rc8 19. Bb3 c6 20. Nf4 Qe7
21. Qa5+ Rc7 22. Qxc7+ Kxc7 23. Nd5+ Kd8 24. Nxe7 Kxe7 25. f4 Kd8 26. e5 fxe5
27. fxe5 dxe5 28. Rxe5 Rf7 29. Bxf7 1-0